| 000 | 00614nam a22002057a 4500 | ||
|---|---|---|---|
| 003 | OSt | ||
| 005 | 20140310183126.0 | ||
| 008 | 130529t xxu||||| |||| 00| 0 eng d | ||
| 020 | _a9789712718038 | ||
| 050 |
_aQ 141 _b.In35 2006 |
||
| 082 |
_aFIL 509.22599 _bC559 2006 |
||
| 245 |
_aIn love with Science _bOutstanding young Filipino scientists tell their stories _cedited by Lee-Chua, Queena N. |
||
| 260 |
_aPasig City _bAnvil Publication _cc2006 |
||
| 300 |
_axiii, 128 p. _bill. _c22 cm. |
||
| 521 | _aCollege students | ||
| 526 | _c1210L-1700L | ||
| 541 | _j1 | ||
| 562 | _e1 | ||
| 942 |
_2lcc _cBK _kFIL |
||
| 999 |
_c19031 _d19031 |
||